Library Banner

Ek teray aanay se (Urdu) (Record no. 72681)

MARC details
000 -LEADER
fixed length control field 00404nam a2200169Ia 4500
001 - CONTROL NUMBER
control field 67293
008 - FIXED-LENGTH DATA ELEMENTS--GENERAL INFORMATION
fixed length control field 150604s9999 xx 000 0 und d
020 ## - INTERNATIONAL STANDARD BOOK NUMBER
International Standard Book Number NA
040 ## - CATALOGING SOURCE
Transcribing agency PK-LaUMT
082 ## - DEWEY DECIMAL CLASSIFICATION NUMBER
Classification number 891.4393
Item number SUB-E
100 ## - MAIN ENTRY--PERSONAL NAME
Personal name Subbas Gull
245 ## - TITLE STATEMENT
Title Ek teray aanay se (Urdu)
Statement of responsibility, etc Subbas Gull
260 ## - PUBLICATION, DISTRIBUTION, ETC. (IMPRINT)
Place of publication, distribution, etc Lahore,Pakistan:
Name of publisher, distributor, etc Abdullah Academy,
Date of publication, distribution, etc 2010
300 ## - PHYSICAL DESCRIPTION
Extent 256 p.
546 ## - LANGUAGE NOTE
Language note UR
942 ## - ADDED ENTRY ELEMENTS (KOHA)
Koha item type Books
Holdings
Withdrawn status Lost status Damaged status Not for loan Home library Current library Date acquired Total Checkouts Full call number Barcode Date last seen Date checked out Price effective from Koha item type
        UMT Main Campus UMT Main Campus 2015-06-03 29 891.4393 SUB-E 91093 2023-01-17 2023-01-03 2015-06-05 Books